| 000 | 00864 a2200193 4500 | ||
|---|---|---|---|
| 003 | Nust | ||
| 005 | 20221212134743.0 | ||
| 020 | _a0750660821 | ||
| 040 | _cNust | ||
| 082 | _a621.3821,BRA | ||
| 100 |
_aBraithwaite, Chris _9104667 |
||
| 245 |
_aUMTS network planning and development _bdesign and implementation of the 3G CDMA infrastructure / _cChris Braithwaite and Mike Scott |
||
| 260 |
_aLondon _bNewnes _c2003 |
||
| 300 | _axxii, 313 p. | ||
| 505 | _a Part 1: Network Planning and 3G Foundations (Page -13), Part 2: Capacity and Network Planning (Page -41), Part 3: Coverage and Network Planning (Page -91), Part 4: Quality and Network Planning (Page -153), Part 5: Optimization and Network Planning (Page -191), Part 6: UMTS 3G Developments (Page -257). | ||
| 650 | _aTelecommunication Engineering | ||
| 700 |
_aScott, Mike _9104668 |
||
| 942 |
_2ddc _cBK |
||
| 999 |
_c182634 _d182634 |
||